000 00825nam a2200277Ia 4500
003 OSt
005 20220925224338.0
006 a|||||r|||| 00| 0
007 ta
008 220923b |||||||| |||| 00| 0 eng d
037 _cGeneral Book
040 _aRTL
_cRTL
_beng
041 _2eng
_aeng
082 _aY15.1.N6, K8
100 _aMyrdal Alva
_9118289
245 0 _aWomen's two roles-home and work
250 _a2
260 _aLondon
_bRoutledge & Kegan Paul
_c1968
300 _axvii,213p
_ccm.
490 _aInternational Library of Sociology and Social Reconstruction Ed by W J H Sprott
500 _aBibliography: p 187-207
650 _aWoman Sociology
700 _a Klein Viola
_9135114
942 _hY15.1.N6, K8
_cGB
_2CC
999 _c581269
_d581269